000
00308nam a22001337a 4500
008
171220b xxu||||| |||| 00| 0 eng d
020
_a
0043303145
041
_a
eng
080
_a
33
100
_a
53
101
_a
ECO
245
_a
ECONOMIC EFFICIENCY AND SOCIAL WELFARE
_c
MISHAN,E,J
942
_2
udc
_c
BK
999
_c
39226
_d
39226